| 000 | 00363nam a2200145Ia 4500 | ||
|---|---|---|---|
| 008 | 220803s9999 xx 000 0 und d | ||
| 041 | _aeng | ||
| 082 | _a729 IDE | ||
| 100 |
_aIdea Books _913273 |
||
| 245 | _aIdea Decoration : Bed Room's | ||
| 260 |
_aNew York _bIdea Book _c1994 |
||
| 300 | _a169p | ||
| 500 | _aArchitecture | ||
| 650 |
_aInterior Design _913274 |
||
| 999 |
_c10363 _d10363 |
||